01973nam a2200385Ia 450000500170000000800410001702000180005808200180007624501340009425000390022830000270026749000170029450000270031150503860033865000350072465000410075965000430080065000360084365000280087965000370090765000340094470000430097870000480102170000360106970000300110570000300113574002410116594200120140626400310141833600270144933700330147633800280150904000350153799900150157220220317000955.0160825s2004 ck g 000 0 spa  a978958200501204a370.115 bE2810aEducación para la pazbuna pedagogía para consolidar la democracia social y participativacAntanas Mockus ... [y otros cinco] a1a. edición b1a. reimpresión  a378 páginas c21 cm  aMesa redonda aIncluye bibliografía aCambio cultural voluntario hacia la paz -- Los imaginarios de ciudadanía en los medios de comunicación -- En busca de una cultura para la paz -- La formación para la convivencia y los derechos del niño -- La etnoeducación: una opción democrática -- La conciliación como cultura ciudadana -- Liderazgo educativo -- Pedagogías frente al conflicto social y educativo142LEMBaEducación para la paz 142LEMBaLuchas sociales y educación 142LEMBaEducación cívica zColombia 142LEMBaDemocracia participativa 142LEMBaEtnoeducación 142LEMBaParticipación ciudadana 142LEMB aConvivencia ciudadana 1 aMockus Sivickas, Antanasd1952-9638981 aCajiao Restrepo, Francisco A.d1947-9638991 aMejía J., Marco Raúl9639001 aJaramillo, Rosario9639011 aBermúdez, Angela963902 aCambio cultural voluntario hacia la paz aLos imaginarios de ciudadanía e los medios de comunicación aEn busca de una cultura la paz aEl desarrollo de las explicaciones históricas en niños, adolescentes y adultos aLa formaci{ 2ddccBK aBogotábMagisterioc2004 atextobtxt2rdacontent asin mediaciónbn2rdamedia avolumenbnc2rdacarrier aCO-BoRNBPbspaerdacCO-BoRNBP c5563d5563